000 00584nam a2200205Ia 4500
008 220216s9999 xx 000 0 und d
100 _aHafezi M
245 0 _aComparison of physicomechanical properties of NBR-PVC blend cured by sulfur and electron beam
260 _bJournal of Elastomers and Plastics
_c2007
300 _a151-163
650 _aCuring system
650 _aElectron beam
650 _aNBR-PVC blend
650 _aPhysicomechanical properties
650 _aSulfur
700 _aAzim H R
700 _aKhorasani S Nouri
700 _aZiaei F
942 _cJS
999 _c56014
_d56014